Statistiques concernant Devinez le Département Mystère #95

Cliquez ici pour prendre le quiz!

Statistiques générales

  • Ce quiz a été pris 109 fois
  • Le résultat moyen est 28 sur 35

Statistiques - réponses

Type de RéponseRéponse% Correct
Lettre TrouvéeA
100%
Lettre de l'AlphabetE
100%
Lettre TrouvéeN
100%
Lettre TrouvéeR
100%
Lettre TrouvéeI
99%
Lettre TrouvéeO
99%
Lettre de l'AlphabetT
99%
Lettre de l'AlphabetD
98%
Lettre de l'AlphabetS
98%
Lettre de l'AlphabetL
94%
Lettre TrouvéeM
94%
Lettre de l'AlphabetU
94%
Lettre TrouvéeH
93%
Lettre de l'AlphabetC
92%
Lettre de l'AlphabetP
90%
Lettre de l'AlphabetY
87%
Lettre de l'AlphabetV
85%
Lettre TrouvéeB
81%
Lettre de l'AlphabetG
81%
Lettre de l'AlphabetF
79%
Lettre de l'AlphabetQ
77%
Lettre Bien PlacéeI
67%
Lettre de l'AlphabetJ
66%
Lettre de l'AlphabetZ
64%
Lettre de l'AlphabetX
63%
Lettre Bien PlacéeA
62%
Lettre Bien PlacéeB
62%
Lettre Bien PlacéeH
62%
Lettre de l'AlphabetK
62%
Lettre Bien PlacéeM
62%
Département MystèreMorbihan
62%
Lettre Bien PlacéeN
62%
Lettre Bien PlacéeO
62%
Lettre Bien PlacéeR
62%
Lettre de l'AlphabetW
62%

Distribution des résultats

Percentile par nombre de réponses

% des personnes avec chaque résultat

Votre développement - résultats

Vous n’avez pas pris ce quiz